AFL All Australian Team 2023 - Statistics

General Stats
  • This quiz has been taken 160 times
  • The average score is 13 of 22
Answer Stats
Hint Answer % Correct
Charlie Curnow
84%
Nick Daicos
84%
Josh Daicos
83%
Marcus Bontempelli (vc)
76%
Rucks Tim English
72%
Darcy Moore
71%
Forwards Charlie Cameron
69%
Toby Greene (c)
65%
Christian Petracca
64%
Caleb Serong
60%
Centres Errol Gulden
59%
Zak Butters
56%
Tom Stewart
53%
Taylor Walker
52%
Zach Merrett
51%
Half Forwards Connor Rozee
50%
Callum Wilkie
47%
Nick Larkey
46%
Backs James Sicily
44%
Half Backs Jack Sinclair
43%
Interchange Jordan Dawson
40%
Dan Houston
37%
No matching quizzes found
Score Distribution
Percent of People with Each Score
Percentile by Number Answered
Your Score History
You have not taken this quiz